Statistiques concernant Femmes célèbres - Quiz d'images n°2

Cliquez ici pour prendre le quiz!

Statistiques générales

  • Ce quiz a été pris 277 fois
  • Le résultat moyen est 7 sur 15

Statistiques - réponses

Réponse% Correct
Simone Veil
89%
Brigitte Bardot
85%
Hillary Clinton
84%
Margaret Thatcher
82%
Nefertiti
71%
Josephine Baker
66%
Monica Bellucci
63%
Sophia Loren
36%
Olympe de Gouges
34%
Elizabeth Taylor
32%
Winnie Madikizela-Mandela
28%
Rosa Luxemburg
21%
Sappho
21%
Billie Holiday
9%
Hildegarde de Bingen
4%

Distribution des résultats

Percentile par nombre de réponses

% des personnes avec chaque résultat

Votre développement - résultats

Vous n’avez pas pris ce quiz